Estado y política económica en Costa Rica :
Kaydedildi:
| Yazar: | |
|---|---|
| Materyal Türü: | Bilinmiyor |
| Dil: | Spanish |
| Baskı/Yayın Bilgisi: |
San José, Costa Rica :
Editorial de la Universidad de Costa Rica,
2000.
|
| Konular: | |
| Etiketler: |
Etiketle
Etiket eklenmemiş, İlk siz ekleyin!
|
MARC
| LEADER | 000000000a22000000004500 | ||
|---|---|---|---|
| 001 | 002770 | ||
| 020 | |a 9977675783 | ||
| 041 | 0 | |a spa | |
| 082 | 0 | 4 | |a 330.972.86 |b R875e |
| 100 | 1 | |a Rovira Mas, Jorge | |
| 245 | 1 | 0 | |a Estado y política económica en Costa Rica : |d 1948-1970 / |c Jorge Rovira Mas. |
| 260 | 1 | |a San José, Costa Rica : |b Editorial de la Universidad de Costa Rica, |c 2000. | |
| 300 | |a 204 páginas | ||
| 650 | 4 | |a COSTA RICA | |
| 650 | 4 | |a POLITICA ECONOMICA | |
| 650 | 4 | |a CONDICIONES ECONOMICAS | |
| 999 | |c 9128 |d 9128 | ||
| 942 | |c BK |h 330.972.86 R875e |2 z | ||



